000 00298nam a2200121Ia 4500
008 190216s9999||||xx |||||||||||||| ||und||
100 _aCompetition Sucess Pub
245 0 _aYear Book 1997
260 _bCompetition Success Pub
_c1997
300 _a844
650 _aGeneral Libraries
942 _cREF
999 _c36257
_d36257